000 00649nam a22002052 4500
001 0000023835
005 20151217152249.0
008 130403s xx 000 0 eng d
020 _a0750680644 :
040 _aKABU
_cKABU
100 1 _aButler, David.
_@0000183564
245 1 0 _aEnterprise planning and development :
_bsmall business start-up, survival and development /
_cDavid Butler.
250 _a1st ed.
260 _aBoston :
_bElsevier,
_c2006.
300 _axviii, 405 p.
650 0 _aSmall business
_xManagement.
_@0000148137
852 1 _9p3500 KES
908 _a130403
950 _@1
999 _c10000
_d10000